000047313 001__ 47313 000047313 005__ 20260318091016.0 000047313 0247_ $$2HSB$$a999910045653 000047313 037__ $$aRWTH-CONV-008126 000047313 041__ $$aEnglish 000047313 1001_ $$0P:(DE-82)IDM00075$$aDahmen, Wolfgang$$b0 000047313 245__ $$aAdaptive Petrov-Galerkin methods for first order transport equations$$cRWTH Aachen, Institut für Geometrie und Praktische Mathematik. Wolfgang Dahmen ...$$honline, print 000047313 260__ $$aAachen$$bRWTH Aachen Univ., IGPM$$c2011 000047313 300__ $$a27 S. : Ill., graph. Darst. 000047313 3367_ $$0PUB:(DE-HGF)25$$2PUB:(DE-HGF)$$aPreprint$$bpreprint$$mpreprint 000047313 3367_ $$2ORCID$$aWORKING_PAPER 000047313 3367_ $$2DRIVER$$apreprint 000047313 3367_ $$2DataCite$$aOutput Types/Working Paper 000047313 3367_ $$028$$2EndNote$$aElectronic Article 000047313 3367_ $$2BibTeX$$aARTICLE 000047313 4900_ $$aBericht / Institut für Geometrie und Praktische Mathematik der Rheinisch-Westfälischen Technischen Hochschule Aachen$$v321 000047313 591__ $$aGermany 000047313 7001_ $$0P:(DE-82)102303$$aHuang, Chunyan$$b1 000047313 7001_ $$0P:(DE-82)102306$$aSchwab, Christoph$$b2 000047313 7001_ $$0P:(DE-82)067123$$aWelper, Gerrit$$b3 000047313 8564_ $$uhttp://www.igpm.rwth-aachen.de/Download/reports/pdf/IGPM321_k.pdf$$yFulltext 000047313 909CO $$ooai:publications.rwth-aachen.de:47313$$pVDB 000047313 9201_ $$0I:(DE-82)111410_20140620$$k111410$$lLehrstuhl für Mathematik und Institut für Geometrie und Praktische Mathematik$$x0 000047313 9201_ $$0I:(DE-82)110000_20140620$$k110000$$lFachgruppe Mathematik$$x1 000047313 961__ $$c2014-08-12$$x2011-06-28$$z2012-02-20 000047313 970__ $$ahsb999910045653 000047313 980__ $$apreprint 000047313 980__ $$aI:(DE-82)111410_20140620 000047313 980__ $$aI:(DE-82)110000_20140620 000047313 980__ $$aVDB 000047313 980__ $$aUNRESTRICTED 000047313 980__ $$aConvertedRecord